000 01858nam a22002897a 4500
005 20110630094141.0
010 _aENG-102902 B-454599-603
020 _c695.00
_a9788189884505
035 _aEN-86435 B-454599-603
037 _bDBAD / PUB
037 _bBlue Berry/Ven
082 _a305.420954
245 _aNine degrees of justice :
_cedited by Bishakha Datta
_bnew perspective on violence against women in India /
260 _aNew Delhi
_bZubaan
_c2010
270 _a128 b Shahpur Jat, Ist Floor
_bNew Delhi
_e110049
300 _avi,358p.
_c23cm (Hb)
700 _928520
_aDatta, Bishakha
710 _928535
942 _2ddc
_cEN
_mNIN
_h305.420954
999 _c53403
_d53403